000 00932nam a2200289 i 4500
001 000016436
003 DO-SdBNP
005 20260116105539.0
007 ta
008 100305s198u dr 001 0 spa d
040 _aDO-SdBNP
_bspa
_cBNPHU
_erda
082 _a158.1
_bV732g, 1985
_222
100 _aVillegas Quintero, Efraim
_936635
245 1 3 _aEl gran cambio /
_cEfrain Villegas Quintero ; prólogo Garhga Cuichines.
250 _a17a edición, ampliada y corregida
264 1 _aSanto Domingo :
_bLysol,
_c[1985?].
300 _a300 páginas
_c20 cm.
336 _2rdacontent
_atexto
_btxt
337 _2rdamedia
_asin mediación
_bn
338 _2rdacarrier
_avolumen
_bnc
590 _aInventariado, 2018/MFF
650 4 _aCambio (psicología)
_936636
650 0 _aPsicología aplicada
_91579
700 1 _aCuichines, Garhga,
_eprólogo
_936637
910 _aValidado. Control de calidad MMOLINA
942 _2ddc
_cLBS1
999 _c15971
_d15971